header

Africa and international relations in the 21st Century (Record no. 256734)

MARC details
000 -LEADER
fixed length control field 00385nam a22001457a 4500
003 - CONTROL NUMBER IDENTIFIER
control field OSt
005 - DATE AND TIME OF LATEST TRANSACTION
control field 20180228102543.0
008 - FIXED-LENGTH DATA ELEMENTS--GENERAL INFORMATION
fixed length control field 180228b xxu||||| |||| 00| 0 eng d
020 ## - INTERNATIONAL STANDARD BOOK NUMBER
International Standard Book Number 978-023023528-1
040 ## - CATALOGING SOURCE
Transcribing agency N/a
100 ## - MAIN ENTRY--PERSONAL NAME
Personal name Scarlett Cornelissen
245 ## - TITLE STATEMENT
Title Africa and international relations in the 21st Century
260 ## - PUBLICATION, DISTRIBUTION, ETC. (IMPRINT)
Place of publication, distribution, etc USA
Name of publisher, distributor, etc Palgrave Macmillan
Date of publication, distribution, etc 2012
942 ## - ADDED ENTRY ELEMENTS (KOHA)
Source of classification or shelving scheme Library of Congress Classification
Koha item type Long Loan Books

No items available.

© 2026 Rongo University
Contact us: librarian | system librarian | Rongo university